000 00712nam a2200181Ia 4500
008 100920s9999 xx 000 0 und d
082 _b93832
_a520 थ 94
100 _aभावसार रविंद्र.
245 _aपरोपजीवी प्राणी आणि माणसाचे आजार.
260 _bसाकेत,औरंगाबाद.
_c1994
300 _a151
_bसाधी
365 _b75
520 _aशाअ.
630 _aपरोपजीवी प्राणी आणि माणसाचे आजार.
650 _aशाअ.
730 _aपरोपजीवी प्राणी आणि माणसाचे आजार.
942 _cBOOK
999 _c734275
_d734272